Quiz de Minas Gerais - Statistics

Estatísticas Gerais
  • Esse quiz foi jogado 674 vezes
  • A pontuação média é 13 de 20
Estatísticas das Respostas
Dica Resposta % Correto
Capital Belo Horizonte
100%
Nomeie um estado que faz fronteira com Minas Gerais São Paulo | Rio de Janeiro | + 5 outros
93%
Considerado por muitos como o "Rei do Futebol" Pelé
90%
Dentista que é personagem símbolo do acima Tiradentes
81%
Governador atual Romeu Zema
79%
Nome do saliente no oeste do estado {Triângulo} Mineiro
72%
Movimento separatista da capitania de Minas Gerais {Inconfidência} Mineira
70%
Rios mais longos que passam por Minas Gerais Rio {São} {Francisco}
68%
Bioma no nordeste do estado Cerrado
65%
Maiores cidades no acima Uberlândia
65%
Tradução do lema na bandeira mineira para português {Liberdade} ainda que tardia
64%
Minas Gerais é um dos maiores produtores do mundo desta bebida Café
63%
Presidente responsável pela construção de Brasília em 1960 Juscelino Kubitschek
63%
Prato típico da região, é uma variação da chipa Pão de queijo
60%
O grupo acima fundaram esta cidade e fizeram a capital da capitania Vila Rica (Ouro Preto)
60%
Maiores cidades no acima Uberaba
54%
Nome do grupo de pessoas que encontraram ouro na região Bandeirantes
46%
Maior cidade no sul do estado Juiz de Fora
44%
Rios mais longos que passam por Minas Gerais Rio {Paraná}
23%
Pintor de "Assunção da Virgem" Mestre Ataíde
4%
Nenhum quiz correspondente encontrado
Distribuição das Pontuações
Porcentagem de Pessoas com Cada Pontuação
Percentil de Números Respondidos
Sua Pontuação Histórica
Você não jogou esse quiz